000
00239nam a2200085Ia 4500
245
0
_a
Amazing nature
100
_a
DE LA BEDOYERE, Camilla [Thaxted, Essex], [2013?]
_9
78350
942
_c
BK
008
210817s9999 xx 000 0 und d
999
_c
270567
_d
270566